Lawrence

Salvato in:
Dettagli Bibliografici
Autore principale: Kermode, Frank
Natura: Libro
Lingua:Undetermined
Pubblicazione: Gran Bretaña Fontana 1973
Soggetti:
Tags: Aggiungi Tag
Nessun Tag, puoi essere il primo ad aggiungerne!!

MARC

LEADER 00000nam a2200000Ia 4500
008 170316s9999 xx 000 0 und d
040 |a cru BVZT 
090 |a B-820 K-1L 
100 |a Kermode, Frank 
245 |a Lawrence 
260 |a Gran Bretaña 
260 |b Fontana 
260 |c 1973 
300 |a 156 páginas 
650 |a LITERATURA INGLESA 
650 |a BIOGRAFÍA 
999 |c 12700  |d 12700 
942 |c 15 D  |h B-820 K-1L  |2 z